[Event "Sevilla Open 2019"]
[Site "Sevilla ESP"]
[Date "2019.01.11"]
[Round "1.1"]
[White "Linan Molina, Daniel"]
[Black "Fedorchuk, Sergey A."]
[Result "0-1"]
[WhiteElo "1794"]
[BlackElo "2606"]
[PlyCount "72"]
[EventDate "2019.01.11"]
[EventType "swiss"]
[EventRounds "9"]
[EventCountry "ESP"]
[SourceTitle "Ajedrez en Madrid"]
[Source "lmi"]
[SourceDate "2019.01.11"]
[SourceVersion "1"]
[SourceVersionDate "2019.01.15"]
[SourceQuality "1"]
[WhiteTeam "España"]
[BlackTeam "Ucrania"]
[WhiteTeamCountry "ESP"]
[BlackTeamCountry "UKR"]

1. e4 c5 2. Nf3 e6 3. d4 cxd4 4. Nxd4 a6 5. Nc3 Qc7 6. Be3 Nf6 7. Bd3 b5 8.
Nce2 Bb7 9. Ng3 h5 10. Qf3 Bb4+ 11. Bd2 Bxd2+ 12. Kxd2 Qe5 13. c3 Nc6 14. Nxc6
Bxc6 15. h4 b4 16. Rhf1 Rb8 17. Rac1 bxc3+ 18. bxc3 Qd6 19. Qe3 Rb2+ 20. Rc2
Rxc2+ 21. Kxc2 Qa3 22. Bc4 O-O 23. Bb3 Ba4 24. Bxa4 Qxa2+ 25. Kd3 Qxa4 26. Qd4
Qb5+ 27. Qc4 Qb7 28. Ra1 d5 29. Qxa6 dxe4+ 30. Ke2 Qb2+ 31. Kf1 Qxc3 32. Kg1 e3
33. Qa3 exf2+ 34. Kxf2 Qd4+ 35. Kf1 Ng4 36. Qa2 Qf4+ 0-1

[Event "Sevilla Open 2019"]
[Site "Sevilla ESP"]
[Date "2019.01.11"]
[Round "1.2"]
[White "Xu, Xiangyu"]
[Black "Murillo Montes, Antonio"]
[Result "1-0"]
[WhiteElo "2567"]
[BlackElo "1794"]
[PlyCount "41"]
[EventDate "2019.01.11"]
[EventType "swiss"]
[EventRounds "9"]
[EventCountry "ESP"]
[SourceTitle "Ajedrez en Madrid"]
[Source "lmi"]
[SourceDate "2019.01.11"]
[SourceVersion "1"]
[SourceVersionDate "2019.01.15"]
[SourceQuality "1"]
[WhiteTeam "China"]
[BlackTeam "España"]
[WhiteTeamCountry "CHN"]
[BlackTeamCountry "ESP"]

1. d4 d6 2. e4 Nf6 3. Nc3 Nc6 4. Be3 e5 5. d5 Nb8 6. Nge2 Be7 7. Ng3 O-O 8. Be2
h6 9. Nf5 Bxf5 10. exf5 Nbd7 11. Qd2 Nh7 12. h4 Bxh4 13. Bxh6 Bg5 14. Bxg5 Qxg5
15. O-O-O Qxd2+ 16. Kxd2 f6 17. Rh4 Ng5 18. Nb5 Rfc8 19. Rc4 Nb6 20. Rxc7 Nxd5
21. Bc4 1-0

[Event "Sevilla Open 2019"]
[Site "Sevilla ESP"]
[Date "2019.01.11"]
[Round "1.3"]
[White "Arias Castanedo, Jacinto"]
[Black "Ibarra Jerez, Jose Carlos"]
[Result "0-1"]
[WhiteElo "1792"]
[BlackElo "2558"]
[PlyCount "42"]
[EventDate "2019.01.11"]
[EventType "swiss"]
[EventRounds "9"]
[EventCountry "ESP"]
[SourceTitle "Ajedrez en Madrid"]
[Source "lmi"]
[SourceDate "2019.01.11"]
[SourceVersion "1"]
[SourceVersionDate "2019.01.15"]
[SourceQuality "1"]
[WhiteTeam "España"]
[BlackTeam "España"]
[WhiteTeamCountry "ESP"]
[BlackTeamCountry "ESP"]

1. Nf3 Nf6 2. b3 d6 3. Bb2 e5 4. e3 g6 5. c4 Bg7 6. Be2 O-O 7. O-O c5 8. d4
cxd4 9. exd4 e4 10. Ne1 d5 11. f3 Nc6 12. fxe4 Nxe4 13. Bf3 Re8 14. c5 Nxc5 15.
Na3 Bf5 16. Nac2 Ne6 17. Qd2 Ng5 18. Rd1 Rc8 19. Ne3 Bh6 20. Kh1 Nxf3 21. Rxf3
Bg4 0-1

[Event "Sevilla Open 2019"]
[Site "Sevilla ESP"]
[Date "2019.01.11"]
[Round "1.4"]
[White "Grigoryan, Karen H."]
[Black "Rivero Cabello, Jose Carlos"]
[Result "1-0"]
[WhiteElo "2557"]
[BlackElo "1792"]
[PlyCount "82"]
[EventDate "2019.01.11"]
[EventType "swiss"]
[EventRounds "9"]
[EventCountry "ESP"]
[SourceTitle "Ajedrez en Madrid"]
[Source "lmi"]
[SourceDate "2019.01.11"]
[SourceVersion "1"]
[SourceVersionDate "2019.01.15"]
[SourceQuality "1"]
[WhiteTeam "Armenia"]
[BlackTeam "España"]
[WhiteTeamCountry "ARM"]
[BlackTeamCountry "ESP"]

1. e4 e5 2. Nc3 Nc6 3. Bc4 Nf6 4. d3 Bb4 5. Nge2 d5 6. exd5 Nxd5 7. O-O Nxc3 8.
bxc3 Bd6 9. Ng3 O-O 10. a4 Na5 11. Ba2 c5 12. Bd5 Nc6 13. Qf3 Rb8 14. Nh5 Qh4
15. Ng3 Qg4 16. Qxg4 Bxg4 17. Ne4 Be7 18. Ba3 Rfc8 19. Nxc5 e4 20. Nxe4 Bxa3
21. Rxa3 Rc7 22. a5 Ne7 23. Ba2 Be6 24. Bxe6 fxe6 25. Ng5 e5 26. Re1 Nc6 27.
Nf3 Re8 28. d4 b6 29. axb6 axb6 30. Ra6 e4 31. Nd2 Nb8 32. Rxb6 Rxc3 33. Nxe4
Nd7 34. Rb7 Rxc2 35. h3 Rd8 36. Ng5 Nf6 37. Ree7 Ne8 38. Ne6 Ra8 39. Nxg7 Nd6
40. Rbd7 Nb5 41. Ne6 Kh8 1-0

[Event "Sevilla Open 2019"]
[Site "Sevilla ESP"]
[Date "2019.01.11"]
[Round "1.5"]
[White "Gonzalez Pineda, Manuel"]
[Black "Saric, Ante"]
[Result "0-1"]
[WhiteElo "1789"]
[BlackElo "2536"]
[PlyCount "70"]
[EventDate "2019.01.11"]
[EventType "swiss"]
[EventRounds "9"]
[EventCountry "ESP"]
[SourceTitle "Ajedrez en Madrid"]
[Source "lmi"]
[SourceDate "2019.01.11"]
[SourceVersion "1"]
[SourceVersionDate "2019.01.15"]
[SourceQuality "1"]
[WhiteTeam "España"]
[BlackTeam "Croacia"]
[WhiteTeamCountry "ESP"]
[BlackTeamCountry "CRO"]

1. Nf3 c5 2. c4 g6 3. g3 Bg7 4. Nc3 b6 5. Bg2 Bb7 6. O-O Nc6 7. Rb1 d6 8. d3
Qd7 9. Re1 Nh6 10. Bg5 Nf5 11. e4 Nfd4 12. Nd5 h6 13. Bd2 e6 14. Ne3 Ne5 15.
Nxe5 dxe5 16. b4 cxb4 17. Bxb4 h5 18. c5 b5 19. Nc2 a5 20. Bc3 O-O 21. Qd2 Nxc2
22. Qxc2 Rfc8 23. Bd2 Bc6 24. a3 Rd8 25. Bf1 Qe8 26. Qb2 Qe7 27. Qc1 Rdb8 28.
Qc3 h4 29. Be3 f5 30. Qc1 Bf6 31. Bd2 Kf7 32. Bc3 hxg3 33. fxg3 Qxc5+ 34. Kh1
Rh8 35. Rb2 Qxa3 0-1

[Event "Sevilla Open 2019"]
[Site "Sevilla ESP"]
[Date "2019.01.11"]
[Round "1.6"]
[White "Xu, Yi"]
[Black "Munoz Mesa, Miguel Angel"]
[Result "1-0"]
[WhiteElo "2528"]
[BlackElo "1786"]
[PlyCount "65"]
[EventDate "2019.01.11"]
[EventType "swiss"]
[EventRounds "9"]
[EventCountry "ESP"]
[SourceTitle "Ajedrez en Madrid"]
[Source "lmi"]
[SourceDate "2019.01.11"]
[SourceVersion "1"]
[SourceVersionDate "2019.01.15"]
[SourceQuality "1"]
[WhiteTeam "China"]
[BlackTeam "España"]
[WhiteTeamCountry "CHN"]
[BlackTeamCountry "ESP"]

1. e4 e5 2. Nf3 Nc6 3. Bc4 Be7 4. O-O d6 5. d4 Bg4 6. c3 Nf6 7. d5 Nb8 8. Bd3
Nbd7 9. Be3 O-O 10. Nbd2 a5 11. h3 Bh5 12. Re1 Ne8 13. g4 Bg6 14. Nf1 b6 15.
Ng3 f6 16. Bb5 Nc5 17. Nd2 h6 18. b4 Nb7 19. Bc6 Qc8 20. Nc4 axb4 21. cxb4 Bh7
22. a4 g5 23. Qe2 Ng7 24. Bxb6 cxb6 25. Nxb6 Qc7 26. Nxa8 Rxa8 27. a5 Rb8 28.
a6 Nd8 29. a7 Nxc6 30. axb8=B Qxb8 31. dxc6 Qxb4 32. c7 Qb7 33. Qc4+ 1-0

[Event "Sevilla Open 2019"]
[Site "Sevilla ESP"]
[Date "2019.01.11"]
[Round "1.7"]
[White "Cruz Rodriguez, Israel"]
[Black "Del Rio De Angelis, Salvador G."]
[Result "0-1"]
[WhiteElo "1784"]
[BlackElo "2501"]
[PlyCount "34"]
[EventDate "2019.01.11"]
[EventType "swiss"]
[EventRounds "9"]
[EventCountry "ESP"]
[SourceTitle "Ajedrez en Madrid"]
[Source "lmi"]
[SourceDate "2019.01.11"]
[SourceVersion "1"]
[SourceVersionDate "2019.01.15"]
[SourceQuality "1"]
[WhiteTeam "España"]
[BlackTeam "España"]
[WhiteTeamCountry "ESP"]
[BlackTeamCountry "ESP"]

1. Nf3 d5 2. b3 c5 3. Bb2 f6 4. e3 e5 5. d4 cxd4 6. exd4 e4 7. Nfd2 f5 8. g3
Nf6 9. Nc3 Nc6 10. Ne2 Bd6 11. c3 O-O 12. Bg2 f4 13. gxf4 Nh5 14. Nf1 Bg4 15.
h3 Bxe2 16. Qxe2 Nxf4 17. Qg4 Nd3+ 0-1

[Event "Sevilla Open 2019"]
[Site "Sevilla ESP"]
[Date "2019.01.11"]
[Round "1.8"]
[White "Vasquez Schroeder, Rodrigo"]
[Black "Caro Bellerin, Javier"]
[Result "1-0"]
[WhiteElo "2499"]
[BlackElo "1771"]
[PlyCount "51"]
[EventDate "2019.01.11"]
[EventType "swiss"]
[EventRounds "9"]
[EventCountry "ESP"]
[SourceTitle "Ajedrez en Madrid"]
[Source "lmi"]
[SourceDate "2019.01.11"]
[SourceVersion "1"]
[SourceVersionDate "2019.01.15"]
[SourceQuality "1"]
[WhiteTeam "Chile"]
[BlackTeam "España"]
[WhiteTeamCountry "CHI"]
[BlackTeamCountry "ESP"]

1. e4 c6 2. d4 d5 3. exd5 cxd5 4. c4 e6 5. Nc3 Nc6 6. Nf3 Nf6 7. cxd5 Nxd5 8.
Bd3 Be7 9. O-O h6 10. a3 O-O 11. Bc2 Bf6 12. Qd3 Re8 13. Re1 a6 14. Qh7+ Kf8
15. Bb3 Nde7 16. Ne4 Ng6 17. Be3 Ke7 18. Nxf6 Kxf6 19. Ne5 Rg8 20. Ng4+ Ke7 21.
d5 b6 22. dxe6 Kf8 23. exf7 Rh8 24. Bc5+ Nce7 25. Qg8+ Rxg8 26. fxg8=Q# 1-0

[Event "Sevilla Open 2019"]
[Site "Sevilla ESP"]
[Date "2019.01.11"]
[Round "1.9"]
[White "Barrero Ortega, Abraham"]
[Black "Li, Di"]
[Result "0-1"]
[WhiteElo "1770"]
[BlackElo "2488"]
[PlyCount "58"]
[EventDate "2019.01.11"]
[EventType "swiss"]
[EventRounds "9"]
[EventCountry "ESP"]
[SourceTitle "Ajedrez en Madrid"]
[Source "lmi"]
[SourceDate "2019.01.11"]
[SourceVersion "1"]
[SourceVersionDate "2019.01.15"]
[SourceQuality "1"]
[WhiteTeam "España"]
[BlackTeam "China"]
[WhiteTeamCountry "ESP"]
[BlackTeamCountry "CHN"]

1. e4 e5 2. Nf3 Nc6 3. Bb5 Nf6 4. d3 Bc5 5. c3 O-O 6. O-O d5 7. Nbd2 dxe4 8.
dxe4 Qe7 9. h3 a5 10. Re1 Nb8 11. Qc2 Bxf2+ 12. Kxf2 Qc5+ 13. Re3 Qxb5 14. a4
Qc5 15. Nb3 Qe7 16. Bd2 Nbd7 17. Rf1 b6 18. Kg1 Ba6 19. Rf2 Ne8 20. Nh2 Nd6 21.
Rg3 Kh8 22. Ng4 Bb7 23. Re2 Rae8 24. Nf2 Qe6 25. Bg5 f6 26. Bc1 Qc4 27. Na1 Qa2
28. c4 Nc5 29. Nd3 Bxe4 0-1

[Event "Sevilla Open 2019"]
[Site "Sevilla ESP"]
[Date "2019.01.11"]
[Round "1.10"]
[White "Harutjunyan, Gevorg"]
[Black "Perez Bolanos, David"]
[Result "1-0"]
[WhiteElo "2476"]
[BlackElo "1768"]
[PlyCount "29"]
[EventDate "2019.01.11"]
[EventType "swiss"]
[EventRounds "9"]
[EventCountry "ESP"]
[SourceTitle "Ajedrez en Madrid"]
[Source "lmi"]
[SourceDate "2019.01.11"]
[SourceVersion "1"]
[SourceVersionDate "2019.01.15"]
[SourceQuality "1"]
[WhiteTeam "Armenia"]
[BlackTeam "España"]
[WhiteTeamCountry "ARM"]
[BlackTeamCountry "ESP"]

1. e4 e5 2. Nf3 Nc6 3. d4 exd4 4. Nxd4 Qh4 5. Nc3 Bb4 6. Be2 Qxe4 7. Ndb5 Bxc3+
8. bxc3 Kd8 9. O-O a6 10. Nd4 Nxd4 11. cxd4 d5 12. Bf3 Qf5 13. Re1 Be6 14. Re5
Qg6 15. Bh5 1-0

[Event "Sevilla Open 2019"]
[Site "Sevilla ESP"]
[Date "2019.01.11"]
[Round "1.11"]
[White "Lirio Garcia, Carlos"]
[Black "Krishna C R G"]
[Result "0-1"]
[WhiteElo "1768"]
[BlackElo "2469"]
[PlyCount "66"]
[EventDate "2019.01.11"]
[EventType "swiss"]
[EventRounds "9"]
[EventCountry "ESP"]
[SourceTitle "Ajedrez en Madrid"]
[Source "lmi"]
[SourceDate "2019.01.11"]
[SourceVersion "1"]
[SourceVersionDate "2019.01.15"]
[SourceQuality "1"]
[WhiteTeam "España"]
[BlackTeam "India"]
[WhiteTeamCountry "ESP"]
[BlackTeamCountry "IND"]

1. c4 f5 2. Nf3 Nf6 3. Nc3 d6 4. d4 g6 5. g3 Bg7 6. Bg2 O-O 7. O-O Nc6 8. Re1
Ne4 9. Nxe4 fxe4 10. Ng5 Nxd4 11. Bxe4 c6 12. Bd2 e5 13. Nf3 Qf6 14. Be3 Be6
15. Bxd4 exd4 16. Rc1 Rae8 17. Qb3 Re7 18. Red1 c5 19. Qd3 Kh8 20. Kg2 Bh6 21.
Rc2 Rfe8 22. Nd2 Bxd2 23. Rdxd2 Bxc4 24. Qxc4 Rxe4 25. b4 b6 26. Qa6 Qf7 27. a3
Rf8 28. f3 Re3 29. Rd3 Rfe8 30. Rxe3 Rxe3 31. Qc8+ Kg7 32. Qc6 Qe7 33. Kf2 Rxa3
0-1

[Event "Sevilla Open 2019"]
[Site "Sevilla ESP"]
[Date "2019.01.11"]
[Round "1.12"]
[White "Iniyan, P."]
[Black "Gutierrez Marconi, Christian Fer"]
[Result "1-0"]
[WhiteElo "2456"]
[BlackElo "1767"]
[PlyCount "79"]
[EventDate "2019.01.11"]
[EventType "swiss"]
[EventRounds "9"]
[EventCountry "ESP"]
[SourceTitle "Ajedrez en Madrid"]
[Source "lmi"]
[SourceDate "2019.01.11"]
[SourceVersion "1"]
[SourceVersionDate "2019.01.15"]
[SourceQuality "1"]
[WhiteTeam "India"]
[BlackTeam "España"]
[WhiteTeamCountry "IND"]
[BlackTeamCountry "ESP"]

1. d4 d5 2. c4 e6 3. Nf3 Nf6 4. Nc3 Be7 5. Bf4 c6 6. e3 Nbd7 7. Rc1 Ne4 8. Nxe4
dxe4 9. Nd2 Qa5 10. a3 O-O 11. c5 f5 12. Rc3 Qd8 13. Nc4 Nf6 14. Rc1 Nd5 15.
Bg3 Bh4 16. Bxh4 Qxh4 17. g3 Qf6 18. Bg2 b6 19. Ne5 bxc5 20. Rxc5 Rb8 21. Qc1
Ne7 22. O-O Rd8 23. Nxc6 Nxc6 24. Rxc6 Bb7 25. Rc5 Rdc8 26. b4 Qd8 27. Qc2 Ba6
28. Rc1 Rxc5 29. dxc5 Bd3 30. Qc3 Qc8 31. Bf1 Qa6 32. Rd1 Bxf1 33. Rxf1 Rd8 34.
c6 Rd3 35. Qc5 Kf7 36. b5 Qb6 37. Qxb6 axb6 38. Rc1 Rd8 39. a4 Ke7 40. a5 1-0

[Event "Sevilla Open 2019"]
[Site "Sevilla ESP"]
[Date "2019.01.11"]
[Round "1.13"]
[White "Garcia Fernandez, Miguel"]
[Black "Lei, Tingjie"]
[Result "0-1"]
[WhiteElo "1765"]
[BlackElo "2447"]
[PlyCount "64"]
[EventDate "2019.01.11"]
[EventType "swiss"]
[EventRounds "9"]
[EventCountry "ESP"]
[SourceTitle "Ajedrez en Madrid"]
[Source "lmi"]
[SourceDate "2019.01.11"]
[SourceVersion "1"]
[SourceVersionDate "2019.01.15"]
[SourceQuality "1"]
[WhiteTeam "España"]
[BlackTeam "China"]
[WhiteTeamCountry "ESP"]
[BlackTeamCountry "CHN"]

1. d4 Nf6 2. Nf3 d5 3. c4 e6 4. g3 dxc4 5. Bg2 Bb4+ 6. Bd2 a5 7. O-O O-O 8. Qc2
b5 9. Ne5 Ra6 10. Rd1 Bxd2 11. Rxd2 Nd5 12. Nc3 c6 13. a3 f6 14. Ng4 Nd7 15. e4
Nxc3 16. Qxc3 Nb6 17. Ne3 Bd7 18. d5 cxd5 19. exd5 e5 20. Qc2 f5 21. d6 Kh8 22.
b3 f4 23. Nd5 cxb3 24. Qxb3 Nc4 25. Rdd1 Rxd6 26. Nc3 fxg3 27. hxg3 Nd2 28. Qb2
Bg4 29. Nxb5 Rd3 30. Rdc1 Qb6 31. Qxe5 Qxf2+ 32. Kh2 Nf3+ 0-1

[Event "Sevilla Open 2019"]
[Site "Sevilla ESP"]
[Date "2019.01.11"]
[Round "1.14"]
[White "Starostits, Ilmars"]
[Black "Baquero Baquero, Antonio"]
[Result "1-0"]
[WhiteElo "2442"]
[BlackElo "1764"]
[PlyCount "55"]
[EventDate "2019.01.11"]
[EventType "swiss"]
[EventRounds "9"]
[EventCountry "ESP"]
[SourceTitle "Ajedrez en Madrid"]
[Source "lmi"]
[SourceDate "2019.01.11"]
[SourceVersion "1"]
[SourceVersionDate "2019.01.15"]
[SourceQuality "1"]
[WhiteTeam "Letonia"]
[BlackTeam "España"]
[WhiteTeamCountry "LAT"]
[BlackTeamCountry "ESP"]

1. d4 Nf6 2. Nf3 b6 3. e3 Bb7 4. Bd3 d6 5. c4 Nbd7 6. Nc3 g6 7. e4 Bg7 8. Bg5
c5 9. d5 Ng4 10. h3 Nge5 11. Nxe5 Nxe5 12. Be2 h6 13. Be3 g5 14. h4 gxh4 15.
Rxh4 Ng6 16. Rh5 Bxc3+ 17. bxc3 Bc8 18. Bxh6 Bd7 19. Bg5 Rxh5 20. Bxh5 Qc7 21.
a4 Ne5 22. f4 Nxc4 23. Bxf7+ Kd8 24. Qd3 b5 25. axb5 Bxb5 26. Qh3 Qc8 27. Be6
Bd7 28. Qh7 1-0

[Event "Sevilla Open 2019"]
[Site "Sevilla ESP"]
[Date "2019.01.11"]
[Round "1.16"]
[White "Larino Nieto, David"]
[Black "Puig Guisado, Jaime"]
[Result "1-0"]
[WhiteElo "2432"]
[BlackElo "1762"]
[PlyCount "59"]
[EventDate "2019.01.11"]
[EventType "swiss"]
[EventRounds "9"]
[EventCountry "ESP"]
[SourceTitle "Ajedrez en Madrid"]
[Source "lmi"]
[SourceDate "2019.01.11"]
[SourceVersion "1"]
[SourceVersionDate "2019.01.15"]
[SourceQuality "1"]
[WhiteTeam "España"]
[BlackTeam "España"]
[WhiteTeamCountry "ESP"]
[BlackTeamCountry "ESP"]

1. Nf3 d5 2. e3 Nf6 3. c4 Bg4 4. cxd5 Nxd5 5. Nc3 Nc6 6. Qb3 Nb6 7. a4 Rb8 8.
a5 Nd7 9. a6 bxa6 10. Qc4 Bxf3 11. gxf3 Nde5 12. Qe4 Rb4 13. d4 e6 14. f4 f5
15. Qg2 Nxd4 16. exd4 Ng4 17. Rxa6 Kf7 18. Be2 h5 19. Rg1 Qxd4 20. h3 Nf6 21.
Qc6 Qd6 22. Nb5 Qxc6 23. Rxc6 Nd5 24. Nxc7 Nxf4 25. Bxf4 Rxf4 26. Nxe6 Bb4+ 27.
Kf1 Rh4 28. Rxg7+ Kf6 29. Rd7 Rxh3 30. Nf4+ 1-0

[Event "Sevilla Open 2019"]
[Site "Sevilla ESP"]
[Date "2019.01.11"]
[Round "1.17"]
[White "Rodriguez Leal, Jesus Maria"]
[Black "Das, Arghyadip"]
[Result "0-1"]
[WhiteElo "1754"]
[BlackElo "2431"]
[PlyCount "38"]
[EventDate "2019.01.11"]
[EventType "swiss"]
[EventRounds "9"]
[EventCountry "ESP"]
[SourceTitle "Ajedrez en Madrid"]
[Source "lmi"]
[SourceDate "2019.01.11"]
[SourceVersion "1"]
[SourceVersionDate "2019.01.15"]
[SourceQuality "1"]
[WhiteTeam "España"]
[BlackTeam "India"]
[WhiteTeamCountry "ESP"]
[BlackTeamCountry "IND"]

1. g3 e5 2. Bg2 d5 3. d3 Nc6 4. Nd2 Nf6 5. e3 Bg4 6. Ne2 Qd7 7. h3 Be6 8. Nb3
h5 9. h4 Bd6 10. e4 O-O-O 11. Bg5 dxe4 12. dxe4 Ne7 13. Nc3 Qc6 14. Bxf6 gxf6
15. Qf3 Bb4 16. Qe3 Nf5 17. Qf3 Nd4 18. Nxd4 exd4 19. a3 Bg4 0-1

[Event "Sevilla Open 2019"]
[Site "Sevilla ESP"]
[Date "2019.01.11"]
[Round "1.18"]
[White "Ertan, Can"]
[Black "Munoz Jorva, Miguel Angel"]
[Result "1-0"]
[WhiteElo "2421"]
[BlackElo "1745"]
[PlyCount "27"]
[EventDate "2019.01.11"]
[EventType "swiss"]
[EventRounds "9"]
[EventCountry "ESP"]
[SourceTitle "Ajedrez en Madrid"]
[Source "lmi"]
[SourceDate "2019.01.11"]
[SourceVersion "1"]
[SourceVersionDate "2019.01.15"]
[SourceQuality "1"]
[WhiteTeam "Turquía"]
[BlackTeam "España"]
[WhiteTeamCountry "TUR"]
[BlackTeamCountry "ESP"]

1. e4 d5 2. exd5 Qxd5 3. Nc3 Qd8 4. d4 c6 5. Bc4 Bf5 6. d5 Nf6 7. Bf4 Ne4 8.
Nge2 Qb6 9. O-O Nxc3 10. Nxc3 Qxb2 11. Qf3 Qb4 12. Bb3 e6 13. Rab1 Qd4 14. dxc6
1-0

[Event "Sevilla Open 2019"]
[Site "Sevilla ESP"]
[Date "2019.01.12"]
[Round "2.1"]
[White "Fedorchuk, Sergey A."]
[Black "Dominguez Delgado, Pablo"]
[Result "1-0"]
[WhiteElo "2606"]
[BlackElo "2020"]
[PlyCount "49"]
[EventDate "2019.01.11"]
[EventType "swiss"]
[EventRounds "9"]
[EventCountry "ESP"]
[SourceTitle "Ajedrez en Madrid"]
[Source "lmi"]
[SourceDate "2019.01.11"]
[SourceVersion "1"]
[SourceVersionDate "2019.01.15"]
[SourceQuality "1"]
[WhiteTeam "Ucrania"]
[BlackTeam "España"]
[WhiteTeamCountry "UKR"]
[BlackTeamCountry "ESP"]

1. e4 c5 2. Nf3 g6 3. c3 Bg7 4. d4 cxd4 5. cxd4 d5 6. e5 Nh6 7. h3 O-O 8. Nc3
Nc6 9. Bb5 f6 10. O-O Be6 11. Re1 Re8 12. Na4 Kh8 13. Nc5 Qc8 14. Qa4 a6 15.
Bxc6 bxc6 16. Nxe6 Qxe6 17. exf6 Qxf6 18. Bg5 Qd6 19. Ne5 Kg8 20. Rac1 Rac8 21.
Nxc6 Nf5 22. g4 h6 23. gxf5 hxg5 24. Re6 Rxc6 25. Rxd6 1-0

[Event "Sevilla Open 2019"]
[Site "Sevilla ESP"]
[Date "2019.01.12"]
[Round "2.2"]
[White "Montecatine Rios, Ricardo"]
[Black "Xu, Xiangyu"]
[Result "0-1"]
[WhiteElo "2056"]
[BlackElo "2567"]
[PlyCount "58"]
[EventDate "2019.01.11"]
[EventType "swiss"]
[EventRounds "9"]
[EventCountry "ESP"]
[SourceTitle "Ajedrez en Madrid"]
[Source "lmi"]
[SourceDate "2019.01.11"]
[SourceVersion "1"]
[SourceVersionDate "2019.01.15"]
[SourceQuality "1"]
[WhiteTeam "España"]
[BlackTeam "China"]
[WhiteTeamCountry "ESP"]
[BlackTeamCountry "CHN"]

1. d4 e6 2. c4 b6 3. Nc3 Bb7 4. Bf4 g5 5. Bg3 Bg7 6. e4 h5 7. h4 g4 8. f3 Nc6
9. Nge2 Nge7 10. d5 Ne5 11. Bxe5 Bxe5 12. f4 Bg7 13. g3 e5 14. d6 cxd6 15. Nb5
Nc8 16. Nec3 a6 17. Nxd6+ Nxd6 18. Qxd6 Rh6 19. Qd2 exf4 20. Qxf4 Qf6 21. Bd3
Qxf4 22. gxf4 Bxc3+ 23. bxc3 f5 24. O-O fxe4 25. Rae1 Re6 26. f5 Re7 27. f6 Re6
28. Bc2 Rc8 29. Rf4 Kf7 0-1

[Event "Sevilla Open 2019"]
[Site "Sevilla ESP"]
[Date "2019.01.12"]
[Round "2.3"]
[White "Ibarra Jerez, Jose Carlos"]
[Black "Saez Gabikagogeaskoa, Oscar"]
[Result "1-0"]
[WhiteElo "2558"]
[BlackElo "2005"]
[PlyCount "43"]
[EventDate "2019.01.11"]
[EventType "swiss"]
[EventRounds "9"]
[EventCountry "ESP"]
[SourceTitle "Ajedrez en Madrid"]
[Source "lmi"]
[SourceDate "2019.01.11"]
[SourceVersion "1"]
[SourceVersionDate "2019.01.15"]
[SourceQuality "1"]
[WhiteTeam "España"]
[BlackTeam "España"]
[WhiteTeamCountry "ESP"]
[BlackTeamCountry "ESP"]

1. e4 c5 2. Nc3 Nc6 3. Bb5 Nd4 4. Nf3 g6 5. Ba4 Bg7 6. O-O Nf6 7. e5 Ng4 8.
Nxd4 cxd4 9. Qxg4 dxc3 10. dxc3 O-O 11. Qe4 Qa5 12. Re1 Rb8 13. Bg5 b5 14. Bb3
e6 15. Rad1 Bb7 16. Qh4 Qc7 17. Bf6 a5 18. a3 Rfe8 19. Re3 Qc6 20. Qh3 Bf8 21.
Rd6 Bxd6 22. Qxh7+ 1-0

[Event "Sevilla Open 2019"]
[Site "Sevilla ESP"]
[Date "2019.01.12"]
[Round "2.4"]
[White "Munoz, Raul"]
[Black "Grigoryan, Karen H."]
[Result "0-1"]
[WhiteElo "2040"]
[BlackElo "2557"]
[PlyCount "62"]
[EventDate "2019.01.11"]
[EventType "swiss"]
[EventRounds "9"]
[EventCountry "ESP"]
[SourceTitle "Ajedrez en Madrid"]
[Source "lmi"]
[SourceDate "2019.01.11"]
[SourceVersion "1"]
[SourceVersionDate "2019.01.15"]
[SourceQuality "1"]
[WhiteTeam "Argentina"]
[BlackTeam "Armenia"]
[WhiteTeamCountry "ARG"]
[BlackTeamCountry "ARM"]

1. e4 c5 2. Nf3 e6 3. d4 cxd4 4. Nxd4 Nf6 5. Nc3 d6 6. Be2 Be7 7. O-O O-O 8.
Be3 a6 9. f4 Qc7 10. Kh1 b5 11. a3 Bb7 12. Bf3 Nbd7 13. Qe1 Rfe8 14. g4 Nc5 15.
Bg1 e5 16. fxe5 dxe5 17. Nf5 Ne6 18. Be3 Bf8 19. g5 Nd7 20. Rd1 Nf4 21. Qf2
Rac8 22. Bxf4 exf4 23. Bg2 Nc5 24. Qxf4 Qxf4 25. Rxf4 Ne6 26. Rg4 Bxa3 27. Nd6
Bxd6 28. Rxd6 b4 29. Nd5 Rxc2 30. Bf3 Bxd5 31. Rxd5 Rxb2 0-1

[Event "Sevilla Open 2019"]
[Site "Sevilla ESP"]
[Date "2019.01.12"]
[Round "2.5"]
[White "Saric, Ante"]
[Black "Martinez Lopez, Jaume"]
[Result "1-0"]
[WhiteElo "2536"]
[BlackElo "2003"]
[PlyCount "59"]
[EventDate "2019.01.11"]
[EventType "swiss"]
[EventRounds "9"]
[EventCountry "ESP"]
[SourceTitle "Ajedrez en Madrid"]
[Source "lmi"]
[SourceDate "2019.01.11"]
[SourceVersion "1"]
[SourceVersionDate "2019.01.15"]
[SourceQuality "1"]
[WhiteTeam "Croacia"]
[BlackTeam "España"]
[WhiteTeamCountry "CRO"]
[BlackTeamCountry "ESP"]

1. d4 d6 2. Nf3 g6 3. g3 Bg7 4. Bg2 Nc6 5. d5 Nb8 6. O-O Nf6 7. c4 c6 8. Nc3
O-O 9. e4 Na6 10. dxc6 bxc6 11. e5 Ne8 12. Nd4 Bb7 13. Bxc6 Bxc6 14. Nxc6 Qd7
15. Nd5 e6 16. Nde7+ Kh8 17. Bf4 Nb8 18. Nxb8 Rxb8 19. exd6 e5 20. Bg5 f6 21.
Bc1 Nxd6 22. Nxg6+ hxg6 23. c5 Rfd8 24. cxd6 Qxd6 25. Qa4 Qd4 26. Qa5 Rd5 27.
Qc7 Qb6 28. Qf7 Rbd8 29. Qxg6 Rd1 30. Qh5+ 1-0